00538nam a22001577a 450000500170000001000150001702000310003203500140006303700090007708200110008624501180009726000430021527000570025830000210031570000440033620220119124952.0 aENG-131240 a978-93-89137-94-1c1280.00 aEN-114772 bDBAD a327.54 aIndia in South Asia:cEdited by Sudheer Singh Verma and Ashwani KumarbChanging Perspectives in the 21st Century/ aNew DelhibKW Publishers Pvt Ltdc2021 bNew Delhia4676/21, First Floor, Ansari Roade110002 a238p.c23cm(hbk) aVerma, Sudheer Singh and Kumar, Ashwani